=LDR 00000nam 2200000 4500 =001 INLIS000000000011226 =005 20210312075052 =035 ##$$a 0010-061300000011226 =008 210312################g##########0#ind## =041 ##$$a Ind =082 ##$$a 332.4 =090 ##$$a 332.4, Cas b =100 ##$$a Casson, Herbert N =245 1#$$a Bagaimana cara memperoleh dan memanfaat kan uang /$c Herbert N.Casson; Penerjemah L.H.Pranoto =260 ##$$a Jakarta :$b Pustaka pembangunan swadya nusantara,$c 1992 =300 ##$$a vii,99 hlm ; $c 21x14 cm =700 #$$a Penerjemah, Pranoto, L.H =850 ##$$a NBPNMAT =020 ##$$a 979-489-131-2 =084 ##$$a 332.4 CAS b =250 ##$$a cet.1 =650 #4$$a Uang =990 ##$$a 83.896/Pro-95 =990 ##$$a 83.897/Pro-95